Cross-country study: economic policy challenges in the Baltics rebalancing in an uncertain environment
Salvato in:
| Ente Autore: | |
|---|---|
| Natura: | Libro |
| Lingua: | inglese |
| Pubblicazione: |
Luxembourg
Office for Official Publications of the European Communities
2010
|
| Serie: | European economy
|
| Soggetti: | |
| Tags: |
Nessun Tag, puoi essere il primo ad aggiungerne!!
|
MARC
| LEADER | 00000nam$a2200000$$$4500 | ||
|---|---|---|---|
| 001 | 0113000 | ||
| 005 | 20240109072107.5 | ||
| 020 | |a 978-92-79-15024 | ||
| 041 | 0 | |a eng | |
| 044 | |a LU | ||
| 245 | 1 | 0 | |a Cross-country study: economic policy challenges in the Baltics |b rebalancing in an uncertain environment |
| 264 | 1 | |a Luxembourg |b Office for Official Publications of the European Communities |c 2010 | |
| 300 | |a 104 s. | ||
| 490 | 1 | |a European economy | |
| 830 | 0 | |a European economy | |
| 610 | 2 | 0 | |a politika hospodárska |
| 610 | 2 | 0 | |a Estónsko |
| 610 | 2 | 0 | |a Litva |
| 610 | 2 | 0 | |a Lotyšsko |
| 610 | 2 | 0 | |a SVE |
| 610 | 2 | 0 | |a rast hospodársky |
| 610 | 2 | 0 | |a financie |
| 610 | 2 | 0 | |a politika finančná |
| 710 | 2 | |a European Commission | |